[Event "Ivrea Eporediese op 27th"]
[Site "Ivrea"]
[Date "2010.02.11"]
[Round "4"]
[White "Trotto, Pierangelo"]
[Black "Allegro, Mattia"]
[Result "1/2-1/2"]
[WhiteElo "1904"]
[BlackElo "1879"]
[PlyCount "74"]
[EventDate "2010.01.21"]
[EventType "swiss"]
[EventRounds "6"]
[EventCountry "ITA"]
[SourceTitle "EXT 2024"]
[Source "ChessBase"]
[SourceDate "2023.10.10"]
[SourceVersion "1"]
[SourceVersionDate "2023.10.10"]
[SourceQuality "1"]

1. e4 c5 2. Nf3 d6 3. d4 cxd4 4. Nxd4 Nf6 5. Nc3 g6 6. Bc4 Bg7 7. Be3 0-0 8. f3 Nc6 9. Bb3 Qa5 10. Qd2 Bd7 11. 0-0-0 Rfc8 12. g4 Ne5 13. h4 Nc4 14. Bxc4 Rxc4 15. h5 Rac8 16. Nb3 Qa6 17. Kb1 b5 18. Rc1 Rxc3 19. bxc3 Nxe4 20. fxe4 Bxc3 21. Qxc3 Rxc3 22. Bd4 b4 23. hxg6 fxg6 24. Rh4 e5 25. Bxc3 bxc3 26. Ka1 Be6 27. g5 Qa3 28. Rb1 Bxb3 29. Rxb3 Qc1+ 30. Rb1 Qxc2 31. Rb8+ Kg7 32. Rb7+ Kf8 33. Rb8+ Kg7 34. Rb7+ Kg8 35. Rb8+ Kg7 36. Rb7+ Kf8 37. Rb8+ Kg7 1/2-1/2